La tierra del faisán y del venado /

保存先:
書誌詳細
第一著者: Mediz Bolio, Antonio (autor)
その他の著者: Reyes, Alfonso (carta) (carta), Abreu Gómez, Ermilo (preliminares) (preliminares)
フォーマット: 図書
言語:スペイン語
出版事項: México : Secretaría de Educación Pública, 1987, c1987
タグ: タグ追加
タグなし, このレコードへの初めてのタグを付けませんか!

MARC

LEADER 00000nam^a2200000^a^4500
001 000619354
005 20250822000000.0
009 20260310133818.434
020 |a 968-29-1417-5 
037 |a Acervo ITESO - Biblioteca 
041 |a ESP 
091 |a FOB. 01011 
100 |a Mediz Bolio, Antonio  |e (autor) 
245 1 3 |a La tierra del faisán y del venado / 
264 4 |a México :  |b Secretaría de Educación Pública,  |c 1987, c1987 
300 |a 134 p. 
336 |a texto  |b txt  |2 rdacontenido 
337 |a sin mediación  |b n  |2 rdamedio 
338 |a volumen  |b nc  |2 rdasoporte 
649 |a XX 
700 |a Reyes, Alfonso  |e (carta) 
700 |a Abreu Gómez, Ermilo  |e (preliminares) 
910 |a Fondo Carlos de Obeso Orendain 
920 |a Impresos - Libros 
930 |a Fondos Especiales 
940 |a Literatura 
905 |a 147 
901 |a 619354-10  |b IT2  |c ESP  |i D  |u 20250822 
902 |a https://opac.biblio.iteso.mx/vufind/Record/000619354